000 00674nam a2200289Ia 4500
005 20260324141145.0
008 008 260324s9999 xx 000 0 eng d
020 _a9780203362327
037 _aEBOOK
040 _aCRL
040 _beng
040 _cCRL
041 _2eng
041 _aeng
084 _qCRL
100 _aBrian Richardson
_91207141
245 0 _aMarketing for Architects and Engineers
245 2 _bA new approach
260 _bTaylor and Francis
260 _c1997
365 _a
365 _b330
856 _uhttp://www.taylorfrancis.com/books/9780203362327
942 _cEBOOK
999 _c1809926
_d1809926